Capitales - Statistiques

Statistiques générales
  • Ce quiz a été pris 303 fois
  • Le résultat moyen est 8 sur 16
Answers on the Grid
Answers color-coded by a green-red scale on the quiz's grid according to % correct below.
Libreville
Johannesbourg
Nairobi
Astana
Split
New York
Vladivostok
Paramaribo
Zurich
Tegucigalpa
Skjope
Tombouctou
Bélem
Bamako
Kinshasa
Freetown
Mamoudzou
Nassau
Kingston
Kingstown
Dubrovnik
Manchester
Vancouver
Phnom Penh
Vilnius
Oran
Yaoundé
Phoenix
San-Juan
San-José
 
Statistiques - réponses
Réponse % Correct
Nairobi
81%
Libreville
69%
Bamako
55%
Skjope
54%
Kinshasa
51%
Astana
50%
Vilnius
49%
Kingstown
47%
Yaoundé
45%
Nassau
44%
Freetown
43%
Phnom Penh
41%
Tegucigalpa
40%
Paramaribo
38%
San-José
35%
Kingston
32%
Aucun quiz correspondant
Distribution des résultats
% des personnes avec chaque résultat
Percentile par nombre de réponses
Votre historique - résultats
Vous n’avez pas pris ce quiz